logo

Bir Sreshtho Munshi Abdur Rouf Library
Jhenaidah Cadet College

গৃহপালিত পশুর তান্ত্রিক রোগ তত্ত্ব / (Record no. 4430)

MARC details
000 -LEADER
fixed length control field 00762nam a2200229 a 4500
001 - CONTROL NUMBER
JCCL Control Number 4430
003 - CONTROL NUMBER IDENTIFIER
JCCL marc code BD-JhCC
005 - DATE AND TIME OF LATEST TRANSACTION
control field 20180127085843.0
008 - FIXED-LENGTH DATA ELEMENTS--GENERAL INFORMATION
fixed length control field 171127b1985 b |||| || | 000 0 be d
035 ## - SYSTEM CONTROL NUMBER
system control number (BD-JhCC)4430
040 ## - CATALOGING SOURCE
Original cataloging agency BD-JhCC
Modifying agency BD-JhCC
041 ## - LANGUAGE CODE
Language code of Book ben
082 ## - DEWEY DECIMAL CLASSIFICATION NUMBER
Classification number 630
Author mark and Year RAH 1985
100 ## - MAIN ENTRY--PERSONAL NAME
Personal name রহমান, প্রফেসর আব্দু র
245 ## - TITLE STATEMENT
Title গৃহপালিত পশুর তান্ত্রিক রোগ তত্ত্ব /
Statement of responsibility, etc প্রফেসর আব্দু ররহমান,
260 ## - PUBLICATION, DISTRIBUTION, ETC. (IMPRINT)
Place of publication, distribution, etc ঢাকা :
Name of publisher, distributor, etc বাংলা একাডেমী,
Date of publication, distribution, etc 1985.
300 ## - PHYSICAL DESCRIPTION
Pagination 367 p. :
Dimensions 20 cm.
650 ## - SUBJECT ADDED ENTRY--TOPICAL TERM
Topical term or geographic name as entry element Animal Disease
650 ## - SUBJECT ADDED ENTRY--TOPICAL TERM
Topical term or geographic name as entry element Domestic Animal Disease
942 ## - ADDED ENTRY ELEMENTS (KOHA)
Source of classification or shelving scheme Dewey Decimal Classification
Koha item type Books
Holdings
Source of classification or shelving scheme volume number Damaged status Not for loan Home library Current library Shelving location Date of accession Cost, normal purchase price Total Checkouts Full call number Barcode Date last seen Copy number Koha item type
Dewey Decimal Classification V-2     JCC Rouf Library JCC Rouf Library General Stacks 11/27/2017 90.00   630 RAH 1985 6170 11/27/2017 C-1 Books
Dewey Decimal Classification       JCC Rouf Library JCC Rouf Library General Stacks 01/26/2018 100.00   630 RAH 1985 9050 01/27/2018 C-2 Books

JCC Library | Contacts | JCC Home

Last Update on 23 September 2017
Copyright @ 2017-2020 JCC Rouf Library
Rouf Library, Jhenidah Cadet College (JCC), Bangladesh